<?xml version="1.0" encoding="UTF-8"?>
<record
    xmlns:xsi="http://www.w3.org/2001/XMLSchema-instance"
    xsi:schemaLocation="http://www.loc.gov/MARC21/slim http://www.loc.gov/standards/marcxml/schema/MARC21slim.xsd"
    xmlns="http://www.loc.gov/MARC21/slim">

  <leader>01155nam a22002537a 4500</leader>
  <controlfield tag="005">20170124102947.0</controlfield>
  <datafield tag="010" ind1=" " ind2=" ">
    <subfield code="a">B-149378</subfield>
  </datafield>
  <datafield tag="020" ind1=" " ind2=" ">
    <subfield code="c">300.00</subfield>
    <subfield code="a">8187364122</subfield>
  </datafield>
  <datafield tag="035" ind1=" " ind2=" ">
    <subfield code="a">B-149378</subfield>
  </datafield>
  <datafield tag="037" ind1=" " ind2=" ">
    <subfield code="b">Cen Lib/Ret</subfield>
  </datafield>
  <datafield tag="040" ind1=" " ind2=" ">
    <subfield code="a">DPL</subfield>
    <subfield code="b">HN</subfield>
  </datafield>
  <datafield tag="082" ind1=" " ind2=" ">
    <subfield code="a">320.5</subfield>
    <subfield code="b">&#x92A;&#x930;&#x94B;&#x939;&#x93E; </subfield>
  </datafield>
  <datafield tag="100" ind1=" " ind2=" ">
    <subfield code="a">&#x92A;&#x930;&#x94B;&#x939;&#x93E;, &#x909;&#x92E;&#x93E; </subfield>
    <subfield code="9">5680</subfield>
  </datafield>
  <datafield tag="245" ind1=" " ind2=" ">
    <subfield code="a">&#x936;&#x94D;&#x930;&#x940;&#x92E;&#x924;&#x940; &#x907;&#x902;&#x926;&#x93F;&#x930;&#x93E; &#x917;&#x93E;&#x901;&#x927;&#x940; &#x915;&#x947; &#x930;&#x93E;&#x91C;&#x928;&#x93F;&#x924;&#x93F;&#x915; &#x935;&#x93F;&#x91A;&#x93E;&#x930; /</subfield>
    <subfield code="c">&#x909;&#x92E;&#x93E; &#x92A;&#x930;&#x94B;&#x939;&#x93E; </subfield>
  </datafield>
  <datafield tag="246" ind1=" " ind2=" ">
    <subfield code="a">Shrimati indira gandhi ke rajnitik vichar /</subfield>
    <subfield code="b">by Uma Paroha </subfield>
  </datafield>
  <datafield tag="260" ind1=" " ind2=" ">
    <subfield code="a">&#x930;&#x940;&#x935;&#x93E; </subfield>
    <subfield code="b">&#x917;&#x93E;&#x92F;&#x924;&#x94D;&#x930;&#x940; &#x92A;&#x92C;&#x94D;&#x932;&#x93F;&#x915;&#x947;&#x936;&#x928;&#x94D;&#x938; </subfield>
    <subfield code="c">2004</subfield>
  </datafield>
  <datafield tag="270" ind1=" " ind2=" ">
    <subfield code="a">41/42, &#x930;&#x918;&#x941;&#x935;&#x902;&#x936; &#x938;&#x926;&#x928;, &#x936;&#x93E;&#x902;&#x924;&#x93F; &#x915;&#x941;&#x91E;&#x94D;&#x91C;, &#x92C;&#x93F;&#x91B;&#x93F;&#x92F;&#x93E; </subfield>
    <subfield code="b">&#x930;&#x940;&#x935;&#x93E; </subfield>
    <subfield code="e">48001</subfield>
  </datafield>
  <datafield tag="300" ind1=" " ind2=" ">
    <subfield code="a">160&#x92A;&#x943;.</subfield>
    <subfield code="c">21&#x938;&#x947;&#x92E;&#x940; (&#x938;&#x91C;&#x93F;&#x932;&#x94D;&#x926;)</subfield>
  </datafield>
  <datafield tag="650" ind1=" " ind2=" ">
    <subfield code="a">&#x930;&#x93E;&#x91C;&#x928;&#x940;&#x924;&#x93F;&#x915; &#x935;&#x93F;&#x91C;&#x94D;&#x91E;&#x93E;&#x928;</subfield>
    <subfield code="9">50341</subfield>
  </datafield>
  <datafield tag="650" ind1=" " ind2=" ">
    <subfield code="a">&#x930;&#x93E;&#x91C;&#x928;&#x93F;&#x924;&#x93F;&#x915; &#x935;&#x93F;&#x91A;&#x93E;&#x930;&#x927;&#x93E;&#x930;&#x93E; </subfield>
    <subfield code="x">&#x907;&#x902;&#x926;&#x93F;&#x930;&#x93E; </subfield>
    <subfield code="9">50342</subfield>
  </datafield>
  <datafield tag="650" ind1=" " ind2=" ">
    <subfield code="a">Political science</subfield>
    <subfield code="9">50343</subfield>
  </datafield>
  <datafield tag="650" ind1=" " ind2=" ">
    <subfield code="a">Political ideology</subfield>
    <subfield code="x">Indira</subfield>
    <subfield code="9">50344</subfield>
  </datafield>
  <datafield tag="942" ind1=" " ind2=" ">
    <subfield code="2">ddc</subfield>
    <subfield code="c">HN</subfield>
    <subfield code="h">320.5</subfield>
    <subfield code="m">&#x92A;&#x930;&#x94B;&#x939;&#x93E; </subfield>
  </datafield>
  <datafield tag="999" ind1=" " ind2=" ">
    <subfield code="c">113044</subfield>
    <subfield code="d">113044</subfield>
  </datafield>
  <datafield tag="952" ind1=" " ind2=" ">
    <subfield code="0">0</subfield>
    <subfield code="1">0</subfield>
    <subfield code="4">0</subfield>
    <subfield code="7">0</subfield>
    <subfield code="a">L</subfield>
    <subfield code="b">L</subfield>
    <subfield code="d">2015-08-11</subfield>
    <subfield code="e">Cen Lib/Ret</subfield>
    <subfield code="g">300.00</subfield>
    <subfield code="l">2</subfield>
    <subfield code="o">320.5 &#x92A;&#x930;&#x94B;&#x939;&#x93E;</subfield>
    <subfield code="p">B-149378</subfield>
    <subfield code="r">2022-12-31 00:00:00</subfield>
    <subfield code="s">2022-12-27</subfield>
    <subfield code="t">1</subfield>
    <subfield code="v">300.00</subfield>
    <subfield code="w">2015-08-11</subfield>
    <subfield code="y">HN</subfield>
  </datafield>
  <datafield tag="952" ind1=" " ind2=" ">
    <subfield code="0">0</subfield>
    <subfield code="1">0</subfield>
    <subfield code="2">ddc</subfield>
    <subfield code="4">0</subfield>
    <subfield code="7">0</subfield>
    <subfield code="8">NFIC</subfield>
    <subfield code="a">BL4</subfield>
    <subfield code="b">BL4</subfield>
    <subfield code="d">2018-12-08</subfield>
    <subfield code="e">BPPD/PUB</subfield>
    <subfield code="g">300.00</subfield>
    <subfield code="l">0</subfield>
    <subfield code="o">320.5 &#x92A;&#x930;&#x94B;&#x939;&#x93E;</subfield>
    <subfield code="p">B-149387</subfield>
    <subfield code="r">2018-12-08 00:00:00</subfield>
    <subfield code="v">300.00</subfield>
    <subfield code="w">2018-12-08</subfield>
    <subfield code="y">HN</subfield>
  </datafield>
</record>
